Настольная книга друзей заповедных островов (Запись № 1660194)

Подробности
000 -МАРКЕР
контрольное поле 01902nam0a2200373 4500
001 - ИДЕНТИФИКАТОР ЗАПИСИ
контрольное поле RU\NLR\bibl\892734
005 - ИДЕНТИФИКАТОР ВЕРСИИ
контрольное поле 20260407024025.0
010 ## - МЕЖДУНАРОДНЫЙ СТАНДАРТНЫЙ НОМЕР КНИГИ (ISBN)
Номер (ISBN) 5-98156-046-0
Тираж 1000
021 ## - НОМЕР ГОСУДАРСТВЕННОЙ РЕГИСТРАЦИИ
Код страны Российская Федерация
Номер 2005-76342
Номер Листа государственной регистраци 3764
035 ## - ДРУГИЕ СИСТЕМНЫЕ НОМЕРА
Идентификатор записи (NLR Aleph) 000881224
100 ## - ДАННЫЕ ОБЩЕЙ ОБРАБОТКИ
Данные общей обработки 20051222d2005 |||y0rusy50 ca
101 0# - ЯЗЫК РЕСУРСА
Язык текста, звукозаписи и т.д. русский
102 ## - СТРАНА ПУБЛИКАЦИИ ИЛИ ПРОИЗВОДСТВА
Страна публикации Российская Федерация
105 ## - ПОЛЕ КОДИРОВАННЫХ ДАННЫХ: ТЕКСТОВЫЕ МАТЕРИАЛЫ, МОНОГРАФИЧЕСКИЕ
Кодированные данные о монографическом текстовом документе ach |||||||||
200 1# - ЗАГЛАВИЕ И СВЕДЕНИЯ ОБ ОТВЕТСТВЕННОСТИ
Основное заглавие Настольная книга друзей заповедных островов
Сведения, относящиеся к заглавию практическое руководство по развитию общественных инициатив в поддержку ООПТ
Первые сведения об ответственности Экол.-просветит. центр "Заповедники", Обществ. регион. фонд "Самар. Лука"
Последующие сведения об ответственности [С.Ю. Белова и др.
-- под общ. ред. Н.В. Мех]
210 ## - ПУБЛИКАЦИЯ, РАСПРОСТРАНЕНИЕ И ДР.
Место издания, распространения и т.д. Москва
-- Смоленск
Имя издателя, распространителя и т. д. Маджента
Дата издания, распространения и т.д. 2005
215 ## - ФИЗИЧЕСКАЯ ХАРАКТЕРИСТИКА
Специфическое обозначение материала и объем 109, [2] с., [4] л. цв. ил., портр., факс.
Другие сведения о физической характеристике ил.
Размеры 29
225 1# - СЕРИЯ
Основное заглавие серии Друзья - Заповедным островам
300 ## - ОБЩИЕ ПРИМЕЧАНИЯ
Текст примечания Изд. на средства Фонда Чарльза Стюарта Мотта и Всемир. фонда Дикой природы
333 ## - ПРИМЕЧАНИЯ ОБ ОСОБЕННОСТЯХ РАСПРОСТРАНЕНИЯ И ИСПОЛЬЗОВАНИЯ
Текст примечания 18+
606 1# - НАИМЕНОВАНИЕ ТЕМЫ КАК ПРЕДМЕТ
Наименование темы Заповедники
Тематический подзаголовок Организация работы
Системный номер авторитетной/нормативной записи 2236050
Идентификатор авторитетной/нормативной записи RU\NLR\auth\661341922
686 ## - ИНДЕКСЫ ДРУГИХ КЛАССИФИКАЦИЙ
Индекс Б12(2)е
686 ## - ИНДЕКСЫ ДРУГИХ КЛАССИФИКАЦИЙ
Индекс Е088(2)е
702 #1 - ИМЯ ЛИЦА - ВТОРИЧНАЯ ОТВЕТСТВЕННОСТЬ
Начальный элемент ввода Белова
Часть имени, кроме начального элемента ввода С. Ю.
Код отношения Составитель
702 #1 - ИМЯ ЛИЦА - ВТОРИЧНАЯ ОТВЕТСТВЕННОСТЬ
Код отношения Редактор
Графика поля Кириллица
Материалы, к которым относится поле rus
Начальный элемент ввода Мех
Часть имени, кроме начального элемента ввода Н. В.
Расширение инициалов личного имени Наталья Викторовна
Системный номер авторитетной/нормативной записи 16975
Идентификатор авторитетной/нормативной записи RU\NLR\auth\7733969
712 02 - НАИМЕНОВАНИЕ ОРГАНИЗАЦИИ - ВТОРИЧНАЯ ОТВЕТСТВЕННОСТЬ
Код отношения Прочие
Начальный элемент ввода "Заповедники", эколого-просветительский центр
Идентифицирующий признак Москва
Системный номер авторитетной/нормативной записи 516913
Идентификатор авторитетной/нормативной записи RU\NLR\AUTH\8810009591
801 #0 - ИСТОЧНИК ЗАПИСИ
Страна Российская Федерация
Организация NLR
Дата составления 20051222
Правила каталогизации rcr
801 #1 - ИСТОЧНИК ЗАПИСИ
Страна Российская Федерация
Организация NLR
Дата составления 20051222
942 ## - ДОПОЛНИТЕЛЬНЫЕ ЭЛЕМЕНТЫ ЗАПИСИ (АБИС)
Тип экземпляра АБИС Книга
980 ## - КОЛЛЕКЦИЯ
Название коллекции Национальная библиография
980 ## - КОЛЛЕКЦИЯ
Название коллекции Иноагенты
996 ## - Примечание о цензурировании
Иноагент/Метка
Код типа метки иноагент-организация
ФИО / наименование полностью (как указано в Росреестре) Всемирный фонд природы
Экземпляры
Тип экземпляра Дата поступления Источник поступления Библиотека постоянного хранения Библиотека текущего хранения Место хранения Шифр хранения Штрих-код Статус экземпляра
Книга 22.12.2005 Обязательный экземпляр РНБ (Московский) РНБ (Московский) Русский книжный фонд: издания с 1957 года 2005-8/4312 2086903  
Книга 22.12.2005 Обязательный экземпляр РНБ (Московский) РНБ (Московский) Русский книжный фонд: издания с 1957 года 2005-8/4312 2086904